Quizzes
Events
Quiz Creation
Community
Videos
Private Events
Remove Ads
Sign In
Join for FREE
Feedback
Dark Mode
Quiz Categories
Sports
Geography
Music
Movies
Television
Just For Fun
Miscellaneous
History
Literature
Language
Science
Gaming
Entertainment
Religion
Holiday
For Kids
Quiz Lab
Recent
Popular Today
Quiz Kudos Today
Editor Picks
Curator Picks
Quizzes by...
Day
Popularity
Type
Ratings
Length
Year
Community
Subscriptions
Recent Discussions
Orange Saloon
Badges
Playlists
Quests
Create
Leaderboards
Showdown
Live 5
Trivia Bingo
Activity
Puzzle Library
Sporcle Events
Private Events
Virtual Trivia
Globe League
Become a Host
Pub Owners
SporcleCon
Opinionation
Our Games
Videos
Blog
Mobile Apps
Partnerships
Remove Ads and Go Orange
Feedback
Sports
Athletes
MLB
NBA
NHL
NFL
Soccer
Sports Teams
WWE
NCAA
Football
Premier League
Basketball
Baseball
Hockey
Golf
Tennis
Cricket
Rugby
Auto Racing
Olympics
World Cup
Sports
Athletes
MLB
NBA
NHL
NFL
Soccer
Sports Teams
WWE
NCAA
Football
Premier League
Basketball
Baseball
Hockey
Golf
Tennis
Cricket
Rugby
Auto Racing
Olympics
World Cup
Random Quiz
Search Sporcle
×
Quiz Lab
Quiz Lab
Sports
Red
Type in answers that appear in a list
Type in answers that appear in a list
Classic
Best Score? Go Orange.
Pro Teams That Wear Red, White, and Blue Stats
Can you name the Pro Teams That Wear Red, White, and Blue
By
joey_1515
5m
30 Questions
161 Plays
161 Plays
161 Plays
Comments
Comments
Give Quiz Kudos
Give Quiz Kudos
-
- Ratings
hide this ad
Replay
Link that replays current quiz
Next Quiz
Link to next quiz in quiz playlist
You Got
0%
They Got
Avg Score
35%
Avg Friend Score
Upgrade to see
Score Distribution
Jump to the score distribution portion of the page
Score
0/30
Timer
05:00
0
Plays Today
Hint
Answer
% Correct
NFL
New England Patriots
73.8%
NHL
New York Rangers
63.1%
MLB
Texas Rangers
61.3%
MLB
Washington Nationals
53.1%
MLB
Chicago Cubs
51.9%
NFL
New York Giants
51.9%
MLB
Boston Red Sox
50%
MLB
Atlanta Braves
46.9%
NFL
Buffalo Bills
45.6%
NFL
Houston Texans
45.6%
NHL
Washington Capitals
40%
NBA
Los Angeles Clippers
38.1%
MLB
Philadelphia Phillies
35.6%
NBA
Philadelphia 76ers
35.6%
MLB
Cleveland Indians
31.9%
Hint
Answer
% Correct
NBA
Detroit Pistons
31.9%
NBA
Washington Wizards
31.9%
MLB
Minnesota Twins
31.3%
MLB
Los Angeles Angels
30.6%
MLB
Toronto Blue Jays
30.6%
NHL
Columbus Blue Jackets
30.6%
NFL
Tennessee Titans
28.8%
NHL
Montreal Canadiens
26.3%
NBA
Atlanta Hawks
19.4%
MLS
New England Revolution
19.4%
MLS
New York Red Bulls
13.1%
MLS
Chicago Fire
10%
MLS
FC Dallas
6.9%
NHL
Carolina Hurricanes
6.1%
MLS
Chivas USA
5%
Quiz Playlist
Details
Report
Send in Message
Add To Playlist
Classic:
Type in answers that appear in a list
Last Updated: Feb 16, 2017
Quiz Scoreboard
CHALLENGE
Sign Up to Join the Scoreboard
Show All
Scores
Hide
Comments
May contain spoilers
Recently Published
Popular People in 1961
by mucciniale
History
6m
1-10 Letter E Words III
by El_Dandy
Language
2m
One Thing in Common: World Cities II
by knightlancer
Geography
7m
More to Explore
Quiz From the Vault
Featured Blog Post
Where Did the Easter Bunny Come From?
hide this ad
You Might Also Like...
Tags
blue
pro
Red
Red White
team
Wear
White
Today's Top Quizzes in Sports
Browse Sports
hide this ad
Today's Top Quizzes in Red
Browse Red
Top Contributed Quizzes in Sports
1
Les meilleurs buteurs des matchs entre le PSG et l’OM
2
Les entraîneurs de l'OM et du PSG au 21e siècle
3
FIFA Club World Cup Champions
4
2022 World Cup Stars
5
Name the Premier League winners with different clubs
6
La finale Lions - Afrique du Sud 2021
7
Criteria MLB: Left Handed Sluggers
8
Players with Multiple 50 Home Run Seasons
9
MLB Players with Two .350 Batting Average Seasons
10
MLB Hall of Famer by Rings
Explore More
Trending Topics
Marvel
Disney
Harry Potter
Anime
Crossword
Kpop
NBA
Soccer
WWE
The Office
NFL
Pokémon
Song
Puzzle
Country
hide this ad
More By:
joey_1515
Quiz
Plays
Rating
Category
Featured
Created
Pro Teams That Wear Red, White, and Blue
161
3.00
Sports
Jun 11, 2014
Go to Creator's Profile
Score Distribution
Quiz Creator Spotlight
joey_1515
Follow
Send a Message
Quizzes Created
-
Created Quiz Play Count
-
More By This Creator
Popular Quizzes Today
1
Find the US States - No Outlines Minefield
2
Find the Countries of Europe - No Outlines Minefield
3
The Countries of the World
4
Popular People in 1961
5
1-10 Letter E Words III
6
Find the US States
7
One Thing in Common: World Cities II
8
US States
More Sports Quizzes
SummerSlam: Superstars Map
Curator's Pick
Trending Quizzes
Risky Map Clicking: Least Populous States A-Z
1-10 Letter F Words
1-10 Letter G Words
One Thing in Common: United Kingdom
Risky Map Clicking: Next State Alphabetically
Recently Updated
Leaping Animals
pecheneg
Reality TV Shows (A-Z)
bhenderson79
Rickey Henderson's Hall of Fame Teammates
pecheneg
Champions League XIs: Arsenal
pecheneg
Quick Pick: Celebrities in WWE's Hall of Fame
aduchscher
A-Z Keypad Blitz II
pecheneg
Multiple Oscar Actors
pecheneg
Mystery Phrase Blitz: Oscar 'Best Actors'
pecheneg
F. Scott Fitzgerald Novels
LTH
Pick 3 Villains
ddd62291
Trending Topics
Harry Potter
Crossword
Marvel
Kpop
Anime
Disney
NBA
Soccer
NFL
Song
The Office
Country
Pokémon
Puzzle
WWE
Your Account Isn't Verified!
In order to create a playlist on Sporcle, you need to verify the email address you used during registration. Go to your
Sporcle Settings
to finish the process.
Report this User
Report this user for behavior that violates our
Community Guidelines
.
Details:
Send Report
Go to the Sporcle.com Mobile Site →
Comments